|
|
|
|
| LEADER |
00000cam a22000004a 4500 |
| 001 |
musev2_35006 |
| 003 |
MdBmJHUP |
| 005 |
20230905043702.0 |
| 006 |
m o d |
| 007 |
cr||||||||nn|n |
| 008 |
200912s2015 xx o 00 0 eng d |
| 020 |
|
|
|a 9780271060989
|
| 035 |
|
|
|a (OCoLC)891351227
|
| 040 |
|
|
|a MdBmJHUP
|c MdBmJHUP
|
| 100 |
1 |
|
|a Byrnes, Joseph F.
|
| 245 |
1 |
0 |
|a Priests of the French Revolution :
|b Saints and Renegades in a New Political Era
|
| 264 |
|
1 |
|a University Park :
|b Penn State University Press,
|c 2015.
|
| 264 |
|
3 |
|a Baltimore, Md. :
|b Project MUSE,
|c 2014
|
| 264 |
|
4 |
|c ©2015.
|
| 300 |
|
|
|a 1 online resource (288 pages).
|
| 336 |
|
|
|a text
|b txt
|2 rdacontent
|
| 337 |
|
|
|a computer
|b c
|2 rdamedia
|
| 338 |
|
|
|a online resource
|b cr
|2 rdacarrier
|
| 500 |
|
|
|a Description based upon print version of record.
|
| 505 |
0 |
|
|a Cover -- Half Title Page -- Title Page -- Copyright -- Dedication -- Contents -- List of Illustrations -- Acknowledgments -- Prologue -- PART I: ENGAGEMENT, 1789-1791 -- 1 The Formation of a Revolutionary Priest: Sieyes and Gregoire -- 2 The Priests in Action: From Estates General to National Assembly -- 3 Claude Fauchet at the Bastille -- 4 The Church of Adrien Lamourette and His Allies -- PART II: SURVIVAL, 1791-1795 -- 5 The Failed Relationship of Revolutionary Church and State -- 6 The Tragic Convention Years -- 7 Terrorists and Abdicators: Ultimate Renegades
|
| 505 |
0 |
|
|a PART III: REVIVAL, 1795-1802 -- 8 The New Constitutional French Church -- 9 Stabilizing the Constitutional Church: Claude Le Coz and the Council of 1797 -- 10 Constitutional Irresolution in the See of Paris: Jean-Baptiste Royer and the Council of 1801 -- 11 Constitutional Clergy in the Church of Napoleon's Concordat -- 12 The Afterlife of the Constitutional Church: Hopes and Reality -- Appendix: Administration of the Constitutional Church and Oath Adherence by Department -- Notes -- Bibliography -- Index
|
| 588 |
|
|
|a Description based on print version record.
|
| 650 |
|
7 |
|a War
|x Religious aspects.
|2 fast
|0 (OCoLC)fst01170374
|
| 650 |
|
7 |
|a Priests.
|2 fast
|0 (OCoLC)fst01076268
|
| 650 |
|
7 |
|a Church and state.
|2 fast
|0 (OCoLC)fst00860509
|
| 650 |
|
7 |
|a Christianity and politics.
|2 fast
|0 (OCoLC)fst00859736
|
| 650 |
|
6 |
|a Christianisme et politique
|z France
|x Histoire
|y 18e siecle.
|
| 650 |
|
6 |
|a Église et État
|z France
|x Histoire
|y 18e siecle.
|
| 650 |
|
0 |
|a Priests
|z France
|x History
|y 18th century.
|
| 650 |
|
0 |
|a Christianity and politics
|z France
|x History
|y 18th century.
|
| 650 |
|
0 |
|a Church and state
|z France
|x History
|y 18th century.
|
| 651 |
|
7 |
|a France.
|2 fast
|0 (OCoLC)fst01204289
|
| 651 |
|
6 |
|a France
|x Histoire religieuse
|y 18e siecle.
|
| 651 |
|
0 |
|a France
|x History
|y Revolution, 1789-1799
|x Religious aspects.
|
| 651 |
|
0 |
|a France
|x Church history
|y 18th century.
|
| 655 |
|
7 |
|a History.
|2 fast
|0 (OCoLC)fst01411628
|
| 655 |
|
7 |
|a Church history.
|2 fast
|0 (OCoLC)fst01411629
|
| 655 |
|
7 |
|a Electronic books.
|2 local
|
| 710 |
2 |
|
|a Project Muse.
|e distributor
|
| 830 |
|
0 |
|a Book collections on Project MUSE.
|
| 856 |
4 |
0 |
|z Texto completo
|u https://projectmuse.uam.elogim.com/book/35006/
|
| 945 |
|
|
|a Project MUSE - Custom Collection
|
| 945 |
|
|
|a Project MUSE - 2014 History
|
| 945 |
|
|
|a Project MUSE - 2014 Complete
|